| 000 | 00520nam a2200145Ia 4500 | ||
|---|---|---|---|
| 008 | 100204s9999 xx 000 0 und d | ||
| 082 | _b23888 | ||
| 100 | _aकोल्हापूरे पंढरीनाथ | ||
| 245 | _aगानयोगी शिवपुत्र | ||
| 260 |
_b"राजहंस प्रकाशन , पुणे" _c1999 |
||
| 300 | _a202 | ||
| 630 | _aगानयोगी शिवपुत्र | ||
| 730 | _aगानयोगी शिवपुत्र | ||
| 942 | _cBOOK | ||
| 999 |
_c469068 _d469065 |
||